000 00217nam a2200097Ia 4500
008 190216s9999||||xx |||||||||||||| ||und||
100 _aSperdup H U
245 0 _aSamudrangal
260 _bKerala Basha Inst
942 _cBK
999 _c38532
_d38532